Célébrités commençant par la lettre P - Statistiques

Statistiques générales
  • Ce quiz a été pris 354 fois
  • Le résultat moyen est 7 sur 12
Statistiques - réponses
Par images Réponse % Correct
Patrick Sebastien
85%
Patrick Fiori
83%
Pharrell Williams
75%
P!nk
74%
Pamela Anderson
72%
Paris Hilton
55%
Penelope Cruz
53%
Philippe Katerine
52%
Patricia Kaas
43%
Paul Mccartney
33%
Pete Davidson
23%
Paula Abdul
7%
Aucun quiz correspondant
Distribution des résultats
% des personnes avec chaque résultat
Percentile par nombre de réponses
Votre historique - résultats
Vous n’avez pas pris ce quiz